000 00322nam a2200133Ia 4500
008 240624s9999 xx 000 0 und d
041 _aeng
082 _a658.4013 ECK
100 _aECKES GEORGE
245 _aSIX SIGMA FOR EVERYONE
260 _c2001
_aNew Jersey
_bWiley
300 _a130 : p. : cm. ; 28
365 _c
_b28
999 _c27759
_d27759